000 00590nam a2200181 i 4500
001 104164
003 ES-MaACL
005 20230906183529.0
007 t|
008 051124s1910 xxk ||||1| eng d
100 1 _aMiddleton, George.
_980951
245 1 4 _aThe student's companion to Latin authors /
_cby George Middleton and Thomas R. Millis; with an introductory note by Sir. W. M. Ramsay.
260 _aLondon :
_bMacmillan and Co,
_c1910.
300 _aXII, 382 p. ;
_c18 cm.
700 1 _aMillis, Thomas R.
_981262
700 1 _aRamsay, W. M.
_995372
852 _aES-MaACL
_jD-5081
999 _c104164
_d104164